Logický analyzátor /

Guardado en:
Detalles Bibliográficos
Autor principal: Dekýš, Peter (Autor)
Autor Corporativo: Slovenská vysoká škola technická v Bratislave, Elektrotechnická fakulta : Katedra počítačov
Otros Autores: Kadlic, Andrej (Orientador)
Formato: Manuscrito Libro
Lenguaje:eslovaco
Publicado: Bratislava : Slovenská vysoká škola technická 1988
Etiquetas: Agregar Etiqueta
Sin Etiquetas, Sea el primero en etiquetar este registro!

MARC

LEADER 00000ntm a22000003a 4500
001 0065018
003 SK-STU
005 20180515103403.1
007 ta
008 180515s2018----xo-----f-mn---000-0-slo-d
040 |a STU  |b slo 
041 0 |a slo 
044 |a xo  |c SK 
100 1 |a Dekýš, Peter  |4 aut 
110 2 |a Slovenská vysoká škola technická v Bratislave,  |b Elektrotechnická fakulta :  |b Katedra počítačov 
245 1 0 |a Logický analyzátor /  |c aut. Peter Dekýš ; škol. Andrej Kadlic 
260 |c 1988  |a Bratislava :  |b Slovenská vysoká škola technická 
300 |a 65 s., tlač. príloha 
700 1 |a Kadlic, Andrej  |4 ths 
996 |c I*DP18/88  |l II680  |s P  |a 0  |w 0065018_0001